00565cam a22002051 4500001001300000003000400013005001700017008004100034010001700075035002000092040001700112042001200129050001700141100001800158245004900176260006700225300001800292651003200310999001700342sa 68015344 DLC20260227112643.0860821s1966 io 000 0 ind  asa 68015344  a(OCoLC)14122309 aDLCcCUdDLC apremarc00aHC447b.H2481 aHady, Hariri.10aPrioritas sekarang:brehabilitasi prasarana. aDjakarta,bLembaga Ekonomi dan Kemasjarakatan Nasional,c1966. a20 l.c27 cm. 0aIndonesiaxEconomic policy. c86392d86392